[Event "36th ECC Women 2021"]
[Site "Struga MKD"]
[Date "2021.09.18"]
[Round "1.1"]
[Board "1"]
[White "Gunina, Valentina"]
[Black "Bivol, Alina"]
[Result "1-0"]
[WhiteTitle "GM"]
[BlackTitle "IM"]
[WhiteElo "2446"]
[BlackElo "2385"]
[WhiteTeam "South Ural"]
[BlackTeam "SK Erste Bank Baden"]
[WhiteFideId "4167570"]
[BlackFideId "4100123"]
[EventDate "2021.09.18"]
[EventType "team"]

1. e4 e5 2. Nf3 Nf6 3. Nxe5 d6 4. Nf3 Nxe4 5. Nc3 Nxc3 6. dxc3 Be7 7. Be3 Nd7 8.
Qd2 O-O 9. O-O-O Nf6 10. Bd3 c5 11. Rhg1 Be6 12. a3 c4 13. Be2 Ne4 14. Qe1 Qa5
15. Nd4 d5 16. f3 Nc5 17. g4 Na4 18. Nf5 Bc5 19. Bxc5 Qxc5 20. Qd2 Rae8 21. Rg2
f6 22. Qd4 Bxf5 23. Qxc5 Nxc5 24. gxf5 Re5 25. Rxd5 b5 26. Rxe5 fxe5 27. Rg5 Kf7
28. b3 cxb3 29. cxb3 Nxb3+ 30. Kc2 Nc5 31. Bxb5 Kf6 32. Rg4 Nb7 33. Ra4 Nd6 34.
Ra6 Rd8 35. a4 h5 36. Bd3 Rd7 37. h4 Ke7 38. Rc6 Rb7 39. Be4 Rb6 40. Rc7+ Kf6
41. Rxa7 Nxf5 42. Bxf5 Kxf5 43. Rxg7 Ra6 44. Rg5+ Kf4 45. Kb3 Rb6+ 46. Kc4 Rb1
47. Rxh5 Ra1 48. Kd5 Rxa4 49. c4 Ra8 50. Rh6 Kf5 51. c5 Ra3 52. Rh5+ Kf6 53.
Rxe5 Rxf3 54. Re4 1-0

[Event "36th ECC Women 2021"]
[Site "Struga MKD"]
[Date "2021.09.18"]
[Round "1.1"]
[Board "2"]
[White "Heinemann, Josefine"]
[Black "Badelka, Olga"]
[Result "1/2-1/2"]
[WhiteTitle "WGM"]
[BlackTitle "IM"]
[WhiteElo "2292"]
[BlackElo "2422"]
[WhiteTeam "SK Erste Bank Baden"]
[BlackTeam "South Ural"]
[WhiteFideId "12900460"]
[BlackFideId "13509926"]
[EventDate "2021.09.18"]
[EventType "team"]

1. e4 e5 2. Nf3 Nc6 3. Bb5 Nf6 4. O-O Nxe4 5. Re1 Nd6 6. Nxe5 Nxe5 7. Rxe5+ Be7
8. Bf1 O-O 9. d4 Bf6 10. Re1 Re8 11. Bf4 Rxe1 12. Qxe1 Ne8 13. Nc3 Bxd4 14. Nd5
d6 15. Bg5 f6 16. Bh4 g5 17. Bd3 Be5 18. f4 Be6 19. Nxf6+ Qxf6 20. fxe5 Qxe5 21.
Qxe5 dxe5 22. Bxg5 Nd6 23. Re1 Re8 24. b3 Bf7 25. c4 b6 26. g4 Kg7 27. h4 Bg6
28. Bxg6 Kxg6 29. Kg2 h6 30. Bc1 Nf7 31. Rd1 Nd6 32. Ba3 Re6 33. Bxd6 Rxd6 34.
Rxd6+ cxd6 35. Kf3 Kf6 36. Ke4 Ke6 37. b4 a6 38. a4 a5 39. bxa5 bxa5 40. g5 h5
41. Ke3 Ke7 42. Ke4 Ke6 43. Ke3 Ke7 1/2-1/2

[Event "36th ECC Women 2021"]
[Site "Struga MKD"]
[Date "2021.09.18"]
[Round "1.1"]
[Board "4"]
[White "Trippold, Denise"]
[Black "Solozhenkina, Elizaveta"]
[Result "0-1"]
[WhiteTitle "WFM"]
[BlackTitle "WGM"]
[WhiteElo "2046"]
[BlackElo "2311"]
[WhiteTeam "SK Erste Bank Baden"]
[BlackTeam "South Ural"]
[WhiteFideId "1625594"]
[BlackFideId "34106615"]
[EventDate "2021.09.18"]
[EventType "team"]

1. d4 Nf6 2. c4 e6 3. g3 d5 4. Bg2 dxc4 5. Nf3 a6 6. O-O Nc6 7. e3 Rb8 8. Nfd2
e5 9. Nxc4 exd4 10. exd4 Nxd4 11. Re1+ Be7 12. Be3 Ne6 13. Qc2 O-O 14. Rd1 Qe8
15. Nc3 b6 16. Ne5 Bb7 17. Bxb7 Rxb7 18. Ne4 c5 19. a4 Qc8 20. Rac1 Nxe4 21.
Qxe4 Rc7 22. Nc4 Qb7 23. Qf5 Bf6 24. Ne5 Re8 25. Nc4 Rb8 26. b3 Rd7 27. Nd6 Qc6
28. Ne4 Bb2 29. Rb1 Bd4 30. Qf3 Qd5 31. h4 Rbd8 32. Kh2 f5 33. Ng5 Qxf3 34. Nxf3
Bxe3 35. Rxd7 Rxd7 36. fxe3 Rd3 37. Ne5 Rxe3 38. Nd7 b5 39. axb5 axb5 40. Rb2
Rd3 41. Ne5 Re3 42. Nd7 b4 43. Kg2 Rc3 44. Rf2 Rxb3 45. Rxf5 Rc3 46. Rd5 b3 47.
Rd6 Kf7 48. Rb6 c4 0-1

[Event "36th ECC Women 2021"]
[Site "Struga MKD"]
[Date "2021.09.18"]
[Round "1.2"]
[Board "1"]
[White "Goryachkina, Aleksandra"]
[Black "Muzychuk, Anna"]
[Result "1/2-1/2"]
[WhiteTitle "GM"]
[BlackTitle "GM"]
[WhiteElo "2608"]
[BlackElo "2534"]
[WhiteTeam "Monte-Carlo"]
[BlackTeam "GRECO – Kyiv Chess Federation"]
[WhiteFideId "4147103"]
[BlackFideId "14111330"]
[EventDate "2021.09.18"]
[EventType "team"]

1. d4 Nf6 2. c4 e6 3. Nc3 Bb4 4. e3 O-O 5. Bd2 c5 6. d5 exd5 7. cxd5 d6 8. Nge2
Re8 9. Nf4 Nbd7 10. Be2 a6 11. O-O Ne5 12. a3 Ba5 13. Re1 Bd7 14. Na2 b5 15.
Bxa5 Qxa5 16. Nh5 Nxh5 17. Bxh5 Qb6 18. Nc3 a5 19. Qc2 b4 20. Ne4 Bb5 21. Rad1
h6 22. Ng3 Rab8 23. f4 Nd7 24. a4 Ba6 25. Qf2 c4 26. Nf5 g6 27. Qg3 Kh7 28. Qh3
Rg8 29. Bg4 gxf5 30. Bxf5+ Kg7 31. Bxd7 Bc8 32. Bxc8 Rbxc8 33. Rd4 c3 34. f5 Qd8
35. bxc3 bxc3 36. Rc1 Kh7 37. Qf3 Qf6 38. Rc2 Rg5 39. Rf4 Rc5 40. h3 Qe5 41. e4
Rc4 42. Qe3 Rxa4 43. Rxc3 Ra1+ 44. Rf1 Ra2 45. Rf2 Ra1+ 46. Rf1 Ra2 47. Rf2 Ra1+
48. Rf1 1/2-1/2

[Event "36th ECC Women 2021"]
[Site "Struga MKD"]
[Date "2021.09.18"]
[Round "1.2"]
[Board "4"]
[White "Osmak, Iulija"]
[Black "Paehtz, Elisabeth"]
[Result "1/2-1/2"]
[WhiteTitle "IM"]
[BlackTitle "IM"]
[WhiteElo "2428"]
[BlackElo "2465"]
[WhiteTeam "GRECO – Kyiv Chess Federation"]
[BlackTeam "Monte-Carlo"]
[WhiteFideId "14101602"]
[BlackFideId "4641833"]
[EventDate "2021.09.18"]
[EventType "team"]

1. Nf3 c5 2. c4 Nc6 3. d4 cxd4 4. Nxd4 e6 5. Nc3 Nf6 6. e3 Bb4 7. Be2 Ne4 8. Qc2
Nxc3 9. bxc3 Be7 10. O-O O-O 11. Rd1 a6 12. Rb1 Qc7 13. Qb3 Na5 14. Qb6 Qxb6 15.
Rxb6 Rd8 16. e4 Bc5 17. Rb1 d6 18. Nb3 Nxb3 19. axb3 e5 20. b4 Bb6 21. Ba3 Be6
22. c5 Bc7 23. cxd6 Bxd6 24. c4 Be7 25. c5 f6 26. f3 Rxd1+ 27. Rxd1 a5 28. Kf1
axb4 29. Bxb4 b6 30. Rc1 Rc8 31. Ba6 Rc7 32. Bc4 Bxc4+ 33. Rxc4 Bxc5 34. Ke2 Kf7
35. Kd3 Ke6 36. Bxc5 bxc5 37. Ra4 Rb7 38. Ra6+ Kf7 39. Ra2 Rb4 40. Kc3 Rb1 41.
Rc2 Ke6 42. Ra2 Rc1+ 43. Kd3 h5 44. h4 Kf7 45. Kd2 Rh1 46. Ke3 Rc1 47. Kd2 Rc4
48. Ra7+ Kg6 49. Rc7 Rd4+ 50. Ke2 c4 51. g3 Kh7 52. Rc8 Kh6 53. Rc6 Kh7 54. Rc8
g6 55. Rc7+ Kg8 56. Rc8+ Kf7 57. Rc7+ Ke6 58. Rc6+ Ke7 59. Rc7+ Kd6 60. Rf7 Ke6
61. Rc7 f5 62. Rc6+ Kf7 63. Rc7+ Kf6 64. Rc6+ Kg7 65. Rc7+ Kh6 66. exf5 gxf5 67.
Rc5 f4 68. gxf4 exf4 69. Rc6+ Kg7 70. Rc5 Kg6 71. Rg5+ Kf6 72. Rxh5 c3 73. Rc5
Rd2+ 74. Ke1 Rh2 1/2-1/2

[Event "36th ECC Women 2021"]
[Site "Struga MKD"]
[Date "2021.09.18"]
[Round "1.3"]
[Board "1"]
[White "Unuk, Laura"]
[Black "Shuvalova, Polina"]
[Result "0-1"]
[WhiteTitle "IM"]
[BlackTitle "IM"]
[WhiteElo "2389"]
[BlackElo "2510"]
[WhiteTeam "Tajfun – SK Ljubljana"]
[BlackTeam "Alkaloid"]
[WhiteFideId "14609215"]
[BlackFideId "24171760"]
[EventDate "2021.09.18"]
[EventType "team"]

1. Nf3 c5 2. b3 d5 3. e3 Nf6 4. Bb2 e6 5. Bb5+ Bd7 6. Qe2 Bxb5 7. Qxb5+ Qd7 8.
a4 Nc6 9. Ne5 Nxe5 10. Bxe5 a6 11. Qe2 Be7 12. O-O O-O 13. d3 Qc6 14. Nd2 Nd7
15. Bb2 b5 16. f4 c4 17. dxc4 bxc4 18. bxc4 Rac8 19. cxd5 exd5 20. c4 Bb4 21.
cxd5 Qxd5 22. Nf3 a5 23. Rad1 Qb7 24. Nd4 Qe4 25. Kh1 Rfe8 26. Qb5 Nc5 27. Ba1
h6 28. Rf3 Rb8 29. Qc6 Rbd8 30. Qb5 Rb8 31. Qc6 Qxc6 32. Nxc6 Rb6 33. Ne5 Nxa4
34. e4 Rbe6 35. h3 f6 36. Nd7 Rxe4 37. Kh2 Re1 38. Rfd3 Rxd1 39. Rxd1 Kf7 40. f5
Ke7 41. Rd5 Bd6+ 0-1

[Event "36th ECC Women 2021"]
[Site "Struga MKD"]
[Date "2021.09.18"]
[Round "1.3"]
[Board "2"]
[White "Atalik, Ekaterina"]
[Black "Cvitan, Ena"]
[Result "1/2-1/2"]
[WhiteTitle "IM"]
[BlackTitle "FM"]
[WhiteElo "2429"]
[BlackElo "2284"]
[WhiteTeam "Alkaloid"]
[BlackTeam "Tajfun – SK Ljubljana"]
[WhiteFideId "4130189"]
[BlackFideId "14534215"]
[EventDate "2021.09.18"]
[EventType "team"]

1. c4 e6 2. Nf3 d5 3. e3 Nf6 4. Nc3 c5 5. d4 cxd4 6. exd4 Bb4 7. cxd5 exd5 8.
Bd3 O-O 9. O-O Nc6 10. Bg5 Be7 11. h3 Be6 12. Rc1 Nh5 13. Bd2 g6 14. Bh6 Re8 15.
Re1 a6 16. Na4 Bf6 17. Be3 Ng7 18. Nc5 Qb6 19. Qd2 Bf5 20. Bf1 h5 21. Rc3 Ne6
22. Rb3 Qa5 23. Qxa5 Nxa5 24. Ra3 Nxc5 25. Rxa5 Ne6 26. Rd1 Red8 27. Ne5 Rac8
28. g4 hxg4 29. hxg4 Bc2 30. Rc1 Bxe5 31. dxe5 d4 32. Bd2 d3 33. Bg2 Nd4 34. Re1
Rc7 35. Kf1 Rc4 36. b3 Bxb3 37. axb3 Nxb3 38. Ra2 Rc2 39. Rxc2 dxc2 40. Be3 Rd1
41. Bxb7 a5 42. Be4 c1=Q 43. Bxc1 Rxc1 44. Rxc1 Nxc1 45. Ke1 Nb3 46. e6 fxe6 47.
Bxg6 e5 48. Bb1 Kg7 49. g5 Nd4 50. Kd2 Nf3+ 51. Ke3 Nxg5 52. f4 exf4+ 53. Kxf4 1/2-1/2

[Event "36th ECC Women 2021"]
[Site "Struga MKD"]
[Date "2021.09.18"]
[Round "1.3"]
[Board "3"]
[White "Urh, Zala"]
[Black "Bulmaga, Irina"]
[Result "1-0"]
[WhiteTitle "WIM"]
[BlackTitle "IM"]
[WhiteElo "2234"]
[BlackElo "2407"]
[WhiteTeam "Tajfun – SK Ljubljana"]
[BlackTeam "Alkaloid"]
[WhiteFideId "14611481"]
[BlackFideId "13903063"]
[EventDate "2021.09.18"]
[EventType "team"]

1. d4 Nf6 2. c4 e6 3. Nf3 Bb4+ 4. Nbd2 b6 5. a3 Bxd2+ 6. Qxd2 Bb7 7. e3 O-O 8.
Be2 d5 9. cxd5 Qxd5 10. b4 Nbd7 11. O-O Rfd8 12. Bb2 Rac8 13. Rfd1 h6 14. Rac1
Nf8 15. Bf1 Ng6 16. Qc2 Qh5 17. Ne1 Nh4 18. f3 Qg5 19. Qf2 Nf5 20. Nc2 h5 21. e4
Ne7 22. h4 Qh6 23. Ne1 Nd7 24. Qg3 c6 25. Rc2 Qg6 26. Qxg6 Nxg6 27. g3 Kf8 28.
Kf2 Ke7 29. a4 e5 30. Bh3 Rb8 31. b5 c5 32. dxc5 Nxc5 33. Rxd8 Kxd8 34. Ba3 Bc8
35. Bf5 Nxa4 36. Bd6 Ra8 37. Rc7 Bxf5 38. exf5 Nh8 39. Nd3 Rc8 40. Rxa7 Nc3 41.
Bxe5 Nxb5 42. Rb7 f6 43. Rxb6 Nc7 44. Bxc7+ Kxc7 45. Re6 Kd7 46. Nf4 Nf7 47.
Nxh5 Ne5 48. Nxg7 Rc2+ 49. Ke3 Rc3+ 50. Ke4 Nxf3 51. Nh5 Nd2+ 52. Kf4 Nf1 53.
Nxf6+ Kd8 54. Re8+ 1-0

[Event "36th ECC Women 2021"]
[Site "Struga MKD"]
[Date "2021.09.18"]
[Round "1.4"]
[Board "2"]
[White "Toncheva, Nadya"]
[Black "Mehmed, Elif"]
[Result "1-0"]
[WhiteTitle "FM"]
[BlackTitle "WFM"]
[WhiteElo "2178"]
[BlackElo "2260"]
[WhiteTeam "Kumanovo"]
[BlackTeam "MSK Centar"]
[WhiteFideId "2924056"]
[BlackFideId "2921103"]
[EventDate "2021.09.18"]
[EventType "team"]

1. e4 c5 2. c3 b6 3. d4 Bb7 4. Bd3 Nf6 5. f3 e6 6. Ne2 d5 7. e5 Nfd7 8. O-O Ba6
9. Bc2 Nc6 10. Be3 Rc8 11. f4 g6 12. Rf2 h5 13. Nd2 Bh6 14. Nf1 Na5 15. f5 gxf5
16. Bxh6 Rxh6 17. Nf4 Bxf1 18. Qxf1 cxd4 19. cxd4 Rc4 20. Qd3 Nc6 21. Qe3 Rxd4
22. Ne2 f4 23. Rxf4 Rxf4 24. Qxf4 Rh8 25. Rf1 Qe7 26. Ba4 b5 27. Rc1 bxa4 28.
Rxc6 Nb6 29. Qc1 Rg8 30. Rc7 Qg5 31. Qc6+ Kf8 32. Qd6+ Kg7 33. Qxe6 Qxg2+ 34.
Kxg2 Kh8+ 35. Kf2 fxe6 36. b3 Rg5 37. Nf4 Kg8 38. Rxa7 axb3 39. axb3 Rxe5 40.
Rb7 Re4 41. Nd3 Rd4 42. Ke3 Re4+ 43. Kd2 Nc4+ 44. bxc4 Rxc4 45. Nf2 Ra4 46. Re7
Ra2+ 47. Ke1 Ra1+ 48. Ke2 Ra2+ 49. Kf1 Ra1+ 50. Kg2 Re1 51. Nd3 Re2+ 52. Kg1 Kf8
53. Rh7 Rd2 54. Nf4 e5 55. Ng6+ Kg8 56. Rxh5 d4 57. Rxe5 d3 58. Nf4 Rd1+ 59. Kg2
d2 60. Rd5 Kf7 61. Nh3 Ke6 62. Rd3 1-0

[Event "36th ECC Women 2021"]
[Site "Struga MKD"]
[Date "2021.09.18"]
[Round "1.4"]
[Board "4"]
[White "Galunova, Tsveta"]
[Black "Manova, Ivana"]
[Result "1/2-1/2"]
[WhiteTitle "WIM"]
[WhiteElo "2190"]
[BlackElo "1779"]
[WhiteTeam "Kumanovo"]
[BlackTeam "MSK Centar"]
[WhiteFideId "2909995"]
[BlackFideId "15003590"]
[EventDate "2021.09.18"]
[EventType "team"]

1. d4 Nf6 2. c4 e6 3. Nc3 Bb4 4. Qc2 d6 5. Nf3 Qe7 6. g3 O-O 7. Bg2 e5 8. dxe5
dxe5 9. O-O Bxc3 10. Qxc3 Nbd7 11. b4 a5 12. bxa5 Ne4 13. Qc2 f5 14. Nd2 Ng5 15.
Nb3 f4 16. c5 Nf6 17. gxf4 Nh3+ 18. Kh1 Qf7 19. f5 Qh5 20. Bf3 Qh4 21. Be3 e4
22. Bg2 Bxf5 23. Nd4 Ng4 24. Bxh3 Qxh3 25. Qb3+ Kh8 26. Bf4 e3 27. f3 Nf6 28.
Nxf5 Qxf5 29. Bxe3 Nd5 30. Rg1 Qe5 31. Bd2 Rf5 32. e4 Rh5 33. f4 Qxe4+ 34. Rg2
Nxf4 35. Bxf4 Qxf4 36. Qxb7 Rf8 37. Rag1 Rxc5 38. Rxg7 Rc2 39. R7g2 Rxg2 40.
Qxg2 Qf3 41. Qxf3 Rxf3 42. Rg3 Rf6 43. Kg2 Ra6 44. Ra3 Kg7 45. Kf3 Kf6 46. Ke4
Ke6 47. Kd4 Kd6 48. Kc4 Kc6 49. Kb4 Kb7 50. Rh3 h6 51. Kb5 Rg6 52. Rh5 Rf6 53.
a4 Rg6 54. Rc5 c6+ 55. Kb4 Rg4+ 56. Rc4 Rg6 57. h4 h5 58. Kc5 Ka6 59. Kb4 Rg4
60. Kc5 Rxc4+ 61. Kxc4 Kxa5 62. Kc5 Kxa4 63. Kxc6 Kb4 64. Kd5 Kb5 65. Ke5 Kc5
66. Kf5 Kd5 67. Kg5 Ke5 68. Kxh5 Kf5 69. Kh6 Kf6 70. Kh7 1/2-1/2

[Event "36th ECC Women 2021"]
[Site "Struga MKD"]
[Date "2021.09.19"]
[Round "2.1"]
[Board "1"]
[White "Bivol, Alina"]
[Black "Peycheva, Gergana"]
[Result "1-0"]
[WhiteTitle "IM"]
[BlackTitle "FM"]
[WhiteElo "2385"]
[BlackElo "2331"]
[WhiteTeam "SK Erste Bank Baden"]
[BlackTeam "Kumanovo"]
[WhiteFideId "4100123"]
[BlackFideId "2916711"]
[EventDate "2021.09.18"]
[EventType "team"]

1. e4 c6 2. d4 d5 3. exd5 cxd5 4. Bd3 Nc6 5. c3 Qc7 6. Ne2 Bg4 7. O-O e6 8. Qe1
Bd6 9. f3 Bh5 10. Qh4 Bg6 11. Bxg6 fxg6 12. Re1 Kf7 13. Bf4 e5 14. dxe5 Nxe5 15.
Bxe5 Bxe5 16. Nd2 Nf6 17. f4 Bd6 18. Nf3 Rhe8 19. Ng5+ Kg8 20. Nd4 Bc5 21. Ne6
Bxd4+ 22. Nxd4 Re4 23. Rxe4 dxe4 24. Re1 Re8 25. Qg5 a6 26. h3 Kh8 27. Re2 Nh5
28. g3 Nf6 29. Kg2 b6 30. f5 Re5 31. g4 gxf5 32. gxf5 Qc4 33. Kh2 h6 34. Qf4 Re7
35. Rg2 Qc7 36. Qxc7 Rxc7 37. Kg1 Kg8 38. Kf2 Re7 39. Ne6 g5 40. h4 g4 41. Ke3
Rd7 42. Nd4 Kf7 43. c4 Rc7 44. b3 Rd7 45. Rc2 Rc7 46. a3 Rc8 47. Ne6 Ke7 48. b4
Kd6 49. Kf4 Rg8 50. Rd2+ Ke7 51. Nd4 Rc8 52. b5 axb5 53. cxb5 Rc3 54. Nc6+ Kf7
55. Ne5+ Ke7 56. Ng6+ Kf7 57. Ne5+ Ke7 58. a4 e3 59. Ng6+ Kf7 60. Ne5+ Ke7 61.
Rb2 Kd6 62. a5 Nd5+ 63. Ke4 bxa5 64. Kd4 g3 65. b6 Rc8 66. b7 Rb8 67. Nc4+ Kc6
68. Nxa5+ Kd6 69. Nc4+ Kc6 70. Na5+ Kd6 71. Rc2 Nb4 72. Rc8 e2 73. Rxb8 Na6 74.
Ra8 e1=Q 75. Rxa6+ Kd7 76. b8=Q Qd2+ 77. Kc5 Qe3+ 78. Kb4 Qd2+ 79. Ka3 Qd3+ 80.
Ka4 Qc4+ 1-0

[Event "36th ECC Women 2021"]
[Site "Struga MKD"]
[Date "2021.09.19"]
[Round "2.4"]
[Board "1"]
[White "Saduakassova, Dinara"]
[Black "Goryachkina, Aleksandra"]
[Result "1/2-1/2"]
[WhiteTitle "IM"]
[BlackTitle "GM"]
[WhiteElo "2489"]
[BlackElo "2608"]
[WhiteTeam "South Ural"]
[BlackTeam "Monte-Carlo"]
[WhiteFideId "13700090"]
[BlackFideId "4147103"]
[EventDate "2021.09.18"]
[EventType "team"]

1. Nf3 d5 2. g3 g6 3. d4 Nf6 4. c4 c6 5. Qb3 Bg7 6. Bg2 O-O 7. O-O a5 8. cxd5 a4
9. Qd1 cxd5 10. Nc3 Ne4 11. Ne5 Nc6 12. Nxc6 bxc6 13. Nxe4 dxe4 14. Bxe4 Bh3 15.
Bxc6 Bxf1 16. Bxa8 Qxa8 17. Qxf1 Bxd4 18. Bh6 Rb8 19. Rd1 Bxb2 20. Qg2 Qxg2+ 21.
Kxg2 Bg7 22. Bxg7 Kxg7 23. Rd4 Rb2 24. Rxa4 Rxe2 25. h4 h5 26. Ra7 Kf6 27. a4
Ra2 28. a5 Ra3 29. a6 e6 30. Kf1 Ra2 31. Kg2 Ra3 32. Kf1 Ra2 1/2-1/2

[Event "36th ECC Women 2021"]
[Site "Struga MKD"]
[Date "2021.09.20"]
[Round "3.1"]
[Board "1"]
[White "Goryachkina, Aleksandra"]
[Black "Bivol, Alina"]
[Result "1/2-1/2"]
[WhiteTitle "GM"]
[BlackTitle "IM"]
[WhiteElo "2608"]
[BlackElo "2385"]
[WhiteTeam "Monte-Carlo"]
[BlackTeam "SK Erste Bank Baden"]
[WhiteFideId "4147103"]
[BlackFideId "4100123"]
[EventDate "2021.09.18"]
[EventType "team"]

1. d4 d5 2. Nf3 Nf6 3. Bf4 e6 4. e3 c5 5. Nbd2 Nc6 6. c3 Nh5 7. Bg5 Qb6 8. dxc5
Bxc5 9. Nb3 Be7 10. Bxe7 Nxe7 11. Bd3 Nf6 12. O-O O-O 13. c4 dxc4 14. Bxc4 Bd7
15. Qe2 Bc6 16. Ne5 Rac8 17. Nd4 Bd5 18. Bxd5 Nexd5 19. Rac1 Qd6 20. Nd3 Nb4 21.
Nxb4 Qxb4 22. Qb5 Qxb5 23. Nxb5 Rfd8 24. Rxc8 Rxc8 25. Nxa7 Rc2 26. Rb1 Ne4 27.
Nb5 Nxf2 28. Na3 Rd2 29. Nc4 Rc2 30. Na3 Rd2 31. Rc1 Rd1+ 32. Rxd1 Nxd1 33. Nc4
b5 34. Nd6 Nxb2 35. Nxb5 Kf8 36. Kf2 Ke7 37. Ke2 Kd7 38. Kd2 Kc6 39. Nc3 Kc5 40.
Ne4+ Kd5 41. Nf2 Nc4+ 42. Kd3 f5 43. Nd1 Ne5+ 44. Kc3 Nc6 45. a4 e5 46. Nf2 g6
47. e4+ Kc5 48. Nd3+ Kd6 49. Kc4 fxe4 50. Nf2 Na5+ 51. Kc3 e3 52. Ne4+ Kc6 53.
Kd3 Nc4 54. Ng5 Nb2+ 55. Kxe3 h6 56. Nf7 Kd5 57. Nxh6 Nxa4 58. Nf7 Ke6 59. Ng5+
Kf5 60. Ne4 Nb6 61. Kf3 Nd5 62. Ng3+ Kf6 63. h4 Ke6 64. Ne4 Kf5 65. g3 Ke6 66.
Nc5+ Kd6 67. Ne4+ Ke6 68. g4 Ke7 69. Ng3 Ke6 70. Ne2 Kd6 71. Ng3 1/2-1/2

[Event "36th ECC Women 2021"]
[Site "Struga MKD"]
[Date "2021.09.20"]
[Round "3.2"]
[Board "1"]
[White "Unuk, Laura"]
[Black "Saduakassova, Dinara"]
[Result "1/2-1/2"]
[WhiteTitle "IM"]
[BlackTitle "IM"]
[WhiteElo "2389"]
[BlackElo "2489"]
[WhiteTeam "Tajfun – SK Ljubljana"]
[BlackTeam "South Ural"]
[WhiteFideId "14609215"]
[BlackFideId "13700090"]
[EventDate "2021.09.18"]
[EventType "team"]

1. d4 Nf6 2. c4 e6 3. Nf3 b6 4. g3 Ba6 5. b3 Bb4+ 6. Bd2 Be7 7. Nc3 d5 8. cxd5
exd5 9. Bg2 O-O 10. O-O Re8 11. Rc1 Nbd7 12. Ne5 Bb7 13. Bg5 Nf8 14. b4 Ne6 15.
h4 c6 16. b5 cxb5 17. Nxb5 a6 18. Nc3 Rc8 19. e3 Bb4 20. Qb3 Bxc3 21. Rxc3 Rxc3
22. Qxc3 Nxg5 23. hxg5 Ne4 24. Bxe4 dxe4 25. Qc4 Bd5 26. Qxa6 Qxg5 27. Qxb6 h5
28. Qb5 Qd8 29. a4 h4 30. gxh4 Be6 31. Kg2 Rf8 32. Rh1 Qf6 33. Qb7 Qf5 34. f3
exf3+ 35. Qxf3 Qc2+ 36. Kg3 f6 37. Rh2 Qxa4 38. Ng6 Re8 39. h5 Qb3 40. h6 gxh6
41. Nf4 Bf7 42. Kf2 Qc2+ 43. Ne2 Bc4 44. Rg2+ Kf7 45. Qh5+ Ke7 46. Qc5+ Kf7 47.
Qh5+ Ke7 48. Kg1 Rg8 49. Qc5+ Kd7 50. Rxg8 Qd1+ 51. Kh2 Bxg8 52. Qa7+ Ke8 53.
Qa8+ Ke7 54. Qb7+ Kf8 55. Qb8+ Kg7 56. Qg3+ Kf8 57. Qd6+ Ke8 58. Qb8+ Ke7 59.
Qc7+ Ke8 60. Qc6+ Ke7 61. Qe4+ Kf8 62. Nf4 Bf7 63. Qa8+ Kg7 64. Qg2+ Kf8 65. d5
Qe1 66. Qf3 f5 67. Ng2 Qd2 68. Qxf5 Qxd5 69. Qxd5 Bxd5 70. Nf4 Bf7 71. Kg3 Ke7
72. Kg4 Kf6 73. Nh5+ Bxh5+ 74. Kxh5 Ke5 75. e4 Kxe4 76. Kxh6 Ke5 1/2-1/2

[Event "36th ECC Women 2021"]
[Site "Struga MKD"]
[Date "2021.09.20"]
[Round "3.2"]
[Board "4"]
[White "Solozhenkina, Elizaveta"]
[Black "Vidic, Teja"]
[Result "1-0"]
[WhiteTitle "WGM"]
[BlackTitle "WIM"]
[WhiteElo "2311"]
[BlackElo "2172"]
[WhiteTeam "South Ural"]
[BlackTeam "Tajfun – SK Ljubljana"]
[WhiteFideId "34106615"]
[BlackFideId "14605511"]
[EventDate "2021.09.18"]
[EventType "team"]

1. e4 e5 2. Nf3 Nc6 3. Bb5 a6 4. Ba4 Nf6 5. O-O Be7 6. Re1 b5 7. Bb3 O-O 8. c3
d5 9. exd5 Nxd5 10. Nxe5 Nxe5 11. Rxe5 c6 12. d3 Bd6 13. Re1 Bf5 14. Qf3 Qf6 15.
Bxd5 cxd5 16. Bf4 Bxf4 17. Qxf4 d4 18. Qxd4 Qxd4 19. cxd4 Rfd8 20. Nc3 Rxd4 21.
Rad1 Rad8 22. a3 h6 23. f3 Bxd3 24. Rd2 Bf5 25. Rxd4 Rxd4 26. Rd1 Rc4 27. Kf2
Kf8 28. Rd6 Be6 29. Rb6 Ke7 30. Ke3 Bc8 31. Kd3 Kd7 32. a4 Rc6 33. Rxc6 Kxc6 34.
axb5+ axb5 35. b4 Be6 36. Kd4 Bc4 37. Nd1 Kd6 38. Ne3 Be6 39. h4 Bd7 40. Nd5 Bc6
41. Ne3 Bd7 42. Nf1 g5 43. hxg5 hxg5 44. Ng3 f5 45. Ne2 Be6 46. Nc3 Bd7 47. Nd5
Bc6 48. Ne3 Bd7 49. Nd1 Be6 50. Nf2 Bc4 51. Nh3 Bf1 52. Nxg5 Bxg2 53. f4 Bd5 54.
Nh7 Bc6 55. Nf6 Ke6 56. Kc5 Bf3 57. Ne8 Kf7 58. Nd6+ Kg6 59. Nxb5 Kh5 60. Kd4
Kg4 61. Ke5 Be2 62. Nd6 Bd3 63. b5 1-0

[Event "36th ECC Women 2021"]
[Site "Struga MKD"]
[Date "2021.09.20"]
[Round "3.3"]
[Board "1"]
[White "Salimova, Nurgyul"]
[Black "Abdumalik, Zhansaya"]
[Result "0-1"]
[WhiteTitle "IM"]
[BlackTitle "GM"]
[WhiteElo "2362"]
[BlackElo "2502"]
[WhiteTeam "MSK Centar"]
[BlackTeam "GRECO – Kyiv Chess Federation"]
[WhiteFideId "2915138"]
[BlackFideId "13703544"]
[EventDate "2021.09.18"]
[EventType "team"]

1. d4 Nf6 2. c4 e6 3. Nf3 d5 4. g3 dxc4 5. Bg2 Nc6 6. O-O Rb8 7. Nc3 b5 8. Ne5
Nxe5 9. dxe5 Nd7 10. Qc2 Nxe5 11. Be3 c5 12. Bf4 Qc7 13. a4 f6 14. Nxb5 Qb6 15.
Bxe5 fxe5 16. Qxc4 Be7 17. Rad1 O-O 18. Rd2 a6 19. Nc3 Qb4 20. Qa2 c4 21. Qb1
Rd8 22. Rxd8+ Bxd8 23. Qe4 Qc5 24. Rd1 Ba5 25. Qc2 Qb4 26. Ne4 Qxb2 27. Qxc4 Qb3
28. Qc1 Qxa4 29. h4 Bb6 30. Rd6 Qe8 31. h5 h6 32. g4 Qf8 33. e3 Bd8 34. Rc6 Bh4
35. Qc2 a5 36. Nc5 Qf7 37. Be4 a4 38. Nxa4 Bb7 39. Rc4 Bxe4 40. Rxe4 Qf3 41. Nc3
Rf8 42. Nd1 Bxf2+ 43. Nxf2 Qg3+ 44. Kf1 Qh3+ 45. Kg1 Qg3+ 46. Kf1 Qh2 47. Rc4
Qh1+ 48. Ke2 Qg2 49. Rc8 Qxf2+ 50. Kd3 Qf1+ 51. Kd2 Qg2+ 52. Ke1 Qxg4 53. Rxf8+
Kxf8 54. Qc5+ Kf7 55. Qxe5 Qg5 56. Qc7+ Kf6 57. Qd8+ Kf5 58. Qd3+ Kg4 59. Qe2+
Kh3 60. Qf1+ Kh4 61. Qh1+ Kg3 62. Qg1+ Kf3 63. Qf2+ Ke4 64. Qc2+ Kxe3 65. Qc3+
Ke4 66. Qc4+ Kf5 67. Qd3+ Kg4 68. Qe2+ Kg3 69. Qf2+ Kh3 70. Qf1+ Qg2 71. Qf7 Kh4
72. Qxe6 Kxh5 73. Qf7+ g6 74. Qc7 g5 75. Qf7+ Kh4 76. Qf6 h5 77. Qe7 Kh3 78.
Qe3+ Qg3+ 79. Kf1 g4 80. Qd2 h4 81. Qc2 Qf4+ 82. Kg1 Qd4+ 83. Kf1 Qa1+ 84. Ke2
g3 85. Qf5+ Kh2 86. Qf4 h3 87. Qd6 Qb2+ 88. Kf3 Qf2+ 89. Kg4 Qe2+ 90. Kh4 Qe4+
91. Kg5 Kg2 92. Qd2+ Kf1 93. Qd1+ Kf2 94. Qd2+ Qe2 95. Qf4+ Kg2 96. Kh4 Qe1 97.
Qf5 h2 98. Qd5+ Kg1 99. Qd4+ Kh1 100. Qd5+ g2+ 101. Kh3 Qe3+ 102. Kh4 Kg1 103.
Qd1+ Kf2 104. Qc2+ Kf1 105. Qc4+ Qe2 106. Qf4+ Qf2+ 107. Kh3 h1=Q+ 0-1